The functions of the endocrine glands

Αποθηκεύτηκε σε:
Λεπτομέρειες βιβλιογραφικής εγγραφής
Κύριος συγγραφέας: Hall, Peter F.
Μορφή: Βιβλίο
Γλώσσα:English
Δημοσίευση: Philadelphia : Saunders, 1959
Θέματα:
Ετικέτες: Προσθήκη ετικέτας
Δεν υπάρχουν, Καταχωρήστε ετικέτα πρώτοι!

MARC

LEADER 00000cam a2200000 i 4500
001 1/7083
008 000619s1959 eng d
035 |l 10062159 
040 |a GR-MY-UA  |b gre  |e aacr 
041 0 |a eng 
082 0 |a 573.4 
100 1 |a Hall, Peter F. 
245 1 4 |a The functions of the endocrine glands /  |c by Peter F. Hall 
260 |a Philadelphia :   |b Saunders,   |c 1959 
300 |a xviii, 290 p.  |b illus 
504 |a Includes bibliographies 
650 0 0 |a Endocrine glands. 
852 |a INST  |b LESVOS  |e 20000619  |h 573.4 HAL  |p 005100020865  |q 005100020865  |t BK  |y 0 
909 |a Λ  |b 072913 
970 |z 2000/06/ΟΙΚΟΝΟΜΟΠΟΥΛΟΥ ΧΡΙΣΤΙΝΑ